00518nam a2200169Ia 450000500170000000800410001704000190005804100120007708200160008910000150010524501000012026000580022030000120027850400220029065000260031285000100033820221123113206.0131103s9999 xx 000 0 und d aLoreto College aEnglish a954.03bVAR aVarma,V.P. aFreedom struggleb history of the Indian Freedom movement 1857 - 1947 cVishwanath Prasad Varma aPatnabBharati Bhawan Publishers & distributorsc1988 a153 p.  aIncludes appendix aModern Indian History aLCLIB